Experiencia cooperativa en el colegio La Asunción (Bahía Blanca, 1999-2005) /

Guardado en:
Autor Principal: Graziani, María Margarita.
Autor Corporativo: Universidad Nacional del Sur. Gabinete Universitario de Investigación, Docencia y Extensión sobre Cooperativas y otras Entidades de la Economía Social (GIDECOOP)
Formato: Libro
Idioma:Spanish
Publicado: [Bahía Blanca, Argentina : Gabinete Universitario de Investigación, Docencia y Extensión sobre Cooperativas y otras Entidades de la Economía Social (GIDECOOP)], 2013.
Series:GIDECOOP. Segunda Serie ; no. 21.
Materias:
Etiquetas: Agregar Etiqueta
Sin Etiquetas, Sea el primero en etiquetar este registro!
LEADER 01082nam a22002175a 4500
001 EAD.ead003639
008 140829s2013####ag#c##########000#0#spa#d
005 20140903121514.0
245 1 0 |a Experiencia cooperativa en el colegio La Asunción (Bahía Blanca, 1999-2005) /  |c María Margarita Graziani. 
260 |a [Bahía Blanca, Argentina :  |b Gabinete Universitario de Investigación, Docencia y Extensión sobre Cooperativas y otras Entidades de la Economía Social (GIDECOOP)],  |c 2013. 
300 |a 14 p. :  |b retr. ;  |c 21 cm. 
490 1 |a GIDECOOP. Segunda Serie ;  |v no. 21 
500 |a Título de cub. 
100 1 |a Graziani, María Margarita. 
710 2 |a Universidad Nacional del Sur.  |b Gabinete Universitario de Investigación, Docencia y Extensión sobre Cooperativas y otras Entidades de la Economía Social (GIDECOOP) 
830 0 |a GIDECOOP.  |p Segunda Serie ;  |v no. 21. 
082 0 4 |a 334.01  |2 21 
653 |a Educación cooperativa 
650 7 |a Cooperativismo.  |2 isoc 
651 0 |a Bahía Blanca (Argentina) 
859 |a AR-BaBDC  |b BIB. ADMINISTRACION GABCOOP - Libros  |h 334.01  |i Un3  |p g01354  |v 21